Bankový sektor SR, jeho kvantitatívne a kvalitatívne ukazovatele bakalárska práca

Guardado en:
Detalles Bibliográficos
Autor principal: Klincová, Nikola
Autor Corporativo: Národohospodárska fakulta EU. Katedra bankovníctva a medzinárodných financií
Otros Autores: Tkáčová, Daniela, 1954-
Formato: Libro
Lenguaje:eslovaco
Publicado: Bratislava 2018
Etiquetas: Agregar Etiqueta
Sin Etiquetas, Sea el primero en etiquetar este registro!

MARC

LEADER 00000nbm a2200000 4500
001 0245799
005 20181213135057.1
041 0 |a slo 
044 |a SK 
245 1 0 |a Bankový sektor SR, jeho kvantitatívne a kvalitatívne ukazovatele  |b bakalárska práca  |c Nikola Klincová ; školiteľ: Daniela Tkáčová 
264 1 |a Bratislava  |c 2018 
300 |a 46 s. 
100 1 |a Klincová, Nikola 
700 1 |a Tkáčová, Daniela, 1954- 
710 2 |a Národohospodárska fakulta EU. Katedra bankovníctva a medzinárodných financií